Le voyage des innocents : une pique-nique dans l'Ancien Monde

Αποθηκεύτηκε σε:
Λεπτομέρειες βιβλιογραφικής εγγραφής
Κύριος συγγραφέας: Twain, Mark, 1835-1910
Άλλοι συγγραφείς: Gonzalez Battle, Fanchita (Μεταφραστής)
Μορφή: Βιβλίο
Γλώσσα:French
Δημοσίευση: Paris : La Decouverte, 1982
Σειρά:La Decouverte ; ; 42
Θέματα:
Ετικέτες: Προσθήκη ετικέτας
Δεν υπάρχουν, Καταχωρήστε ετικέτα πρώτοι!

MARC

LEADER 00000nam a2200000 i 4500
001 1/105862
008 950626s1982 fre d
020 |a 2-7071-1272-0 
035 |l 10013834 
040 |a GR-MY-UA  |b gre  |e aacr 
041 0 |a fre 
082 0 |a 915.604 
100 1 |a Twain, Mark,   |d 1835-1910. 
245 1 3 |a Le voyage des innocents :  |b une pique-nique dans l'Ancien Monde /  |c Mark Twain ; Traduit de l'anglais par Fanchita Gonzalez Battle 
260 |a Paris :   |b La Decouverte,   |c 1982 
300 |a 505 p. 
490 1 |a La Decouverte  |v ; 42 
651 0 |a Middle East  |x Description and travel. 
651 0 |a Europe  |x Description and travel. 
700 1 |a Gonzalez Battle, Fanchita.  |4 trl 
830 0 |a La Decouverte ;  |v ; 42 
852 |a INST  |b LESVOS  |e 19950626  |h 915.604 TWA  |p 005100008422  |q 005100008422  |t BK  |y 0 
909 |a Λ  |b 020867 
922 |a 1ΕΛΗ  |b 199108  |c ΠΠ/160